No te rías, Pepe / (Registro nro. 2576)

Detalles MARC
000 -CABECERA
Longitud fija campo de control 00843nam a2200277 a 4500
003 - • IDENTIFICADOR DELl NÚMERO DE CONTROL
Identificador del número de control CO-ViMGA
008 - • CÓDIGOS DE INFORMACIÓN DE LONGITUD FIJA
Códigos de información de longitud fija 141112s2004 ck r 000 u spa d
020 ## - • NÚMERO INTERNACIONAL NORMALIZADO PARA LIBROS
Número Internacional Normalizado para Libros (ISBN) 9789584538956
040 ## - FUENTE DE LA CATALOGACIÓN
Centro catalogador de origen CO-ViMGA
Lengua de catalogación spa
Centro transcriptor CO-ViMGA
041 ## - • CÓDIGO DE LENGUA
Código de lengua del texto/banda sonora o título independiente SPA
100 1# - • PUNTO DE ACCESO PRINCIPAL-NOMBRE DE PERSONA
Nombre de persona Keiko, Kasza
245 10 - • TITULO PROPIAMENTE DICHO
Título No te rías, Pepe /
Mención de responsabilidad, etc. Keiko Kasza; traducido por Cristina Aparicio
300 ## - • DESCRIPCIÓN FÍSICA
Extensión 30 p. : il. col. : il.
490 ## - • MENCIÓN DE SERIE
Mención de serie Buenas noches
650 14 - • PUNTO DE ACCESO ADICIONAL DE MATERIA - TÉRMINO DE MATERIA
Término de materia o nombre geográfico como elemento inicial AUTORES JAPONESES
650 14 - • PUNTO DE ACCESO ADICIONAL DE MATERIA - TÉRMINO DE MATERIA
Término de materia o nombre geográfico como elemento inicial CUENTOS JAPONESES
650 14 - • PUNTO DE ACCESO ADICIONAL DE MATERIA - TÉRMINO DE MATERIA
Término de materia o nombre geográfico como elemento inicial DESDE LOS 3 AÑOS
650 14 - • PUNTO DE ACCESO ADICIONAL DE MATERIA - TÉRMINO DE MATERIA
Término de materia o nombre geográfico como elemento inicial LITERATURA INFANTIL JAPONESA - SIGLO XX
650 14 - • PUNTO DE ACCESO ADICIONAL DE MATERIA - TÉRMINO DE MATERIA
Término de materia o nombre geográfico como elemento inicial RELACION MADRE - HIJOS - CUENTO
700 1# - • PUNTO DE ACCESO ADICIONAL - NOMBRE DE PERSONA
Nombre de persona Aparicio, María Cristina
700 1# - • PUNTO DE ACCESO ADICIONAL - NOMBRE DE PERSONA
Nombre de persona Keiko, Kasza
942 ## - ENTRADA DE ELEMENTOS AGREGADOS (KOHA)
Fuente de clasificaión o esquema Dewey Decimal Classification
Koha [por defecto] tipo de item LIbro
Existencias
Perdido Fuente de clasificación o esquema Estado Físico No para préstamo Forma de adquisición Localización permanente Localización actual Localización en estanterías Fecha adquisición Préstamos totales Signatura completa Código de barras Fecha última consulta Número de copia Fecha del precio de reemplazo Tipo de item de Koha Serie de enumeración / cronolog&íacute;a Fecha último préstamo Note pública Fuente de adquisición Calificador de ubicación codificada
  Dewey Decimal Classification     Colección General Biblioteca Pública José Eustasio Rivera - San Martin Biblioteca Pública José Eustasio Rivera - San Martin Sala Infantil 08/22/2023   C KE11 SM02709 08/22/2023 Ej.1 08/22/2023 Libro Infantil          
        Colección Sala Infantil de Literatura Pocatil y Tilín Biblioteca Pública Departamental Eduardo Carranza - Villavicencio Biblioteca Pública Departamental Eduardo Carranza - Villavicencio Sala Infantil 02/20/2013   C KAS1 ECA21993 11/26/2024 Ej.1 11/26/2024 LIbro     16271 | 21046    
  Dewey Decimal Classification Damaged   Sala Infantil Segundo Piso Biblioteca Pública Germán Arciniegas - Villavicencio Biblioteca Pública Germán Arciniegas - Villavicencio   12/04/2015 5 C KEI1 25803 09/22/2017 Ej. 1 12/04/2015 LIbro 16/abr/2013 09/21/2017      
  Dewey Decimal Classification     Infantil Biblioteca Pública Guamal Biblioteca Pública Guamal Sala Infantil 02/13/2023   C KEI1 GUA001113 02/13/2023 Ej.1 02/13/2023 Libro Infantil          
  Dewey Decimal Classification     Infantil Biblioteca Pública La Macarena Biblioteca Pública La Macarena Sala Infantil 08/05/2024   C KEI1 LM001625 08/05/2024 Ej.1 08/05/2024 Libro Infantil          
  Dewey Decimal Classification     Infantil Biblioteca Pública Mesetas - Franco lodo Poloxi Biblioteca Pública Mesetas - Franco lodo Poloxi   07/29/2025   C KEI1 9789584538956 07/29/2025 Ej.1 07/29/2025 LIbro          
  Dewey Decimal Classification     Infantil Biblioteca Pública Rural El Yarí- vereda Playa Rica La Macarena Biblioteca Pública Rural El Yarí- vereda Playa Rica La Macarena Sala Infantil 06/04/2025     BPM'590 06/04/2025 Ej.1 06/04/2025 LIbro       ministerio de cultura BPM'590
  Dewey Decimal Classification     Sala General Estacion de Lectura Apiay - Villavicencio Estacion de Lectura Apiay - Villavicencio   12/04/2015   C KEI1 27937 12/04/2015 Ej. 2 12/04/2015 LIbro 22/dic/2014        









Instituto Departamental de Cultura del Meta - Red Departamental de Bibliotecas Públicas del Meta.